| 000 | 00567nam a2200181 4500 | ||
|---|---|---|---|
| 005 | 20230913154907.0 | ||
| 010 | _aENG-138037 | ||
| 020 |
_c350.00 _a9789393622174 |
||
| 035 | _aEN-121569 | ||
| 037 | _bDBAD/PUB | ||
| 082 | _a371.33 | ||
| 100 |
_aAgrawal Neelam _956574 |
||
| 245 |
_aTrends in Design Technology/ _cBy Neelam Agrawal _hENGLISH |
||
| 260 |
_aTamilnadu _bInnovation Online Training Academy [IOTA] _c2023 |
||
| 270 |
_bCoimbatore _a11C, Brindha Layout, Krishna nagar |
||
| 300 |
_a106p _c25cm(pbk) |
||
| 942 |
_2ddc _cEN _h371.33 _mAGR |
||
| 999 |
_c198054 _d198054 |
||